| 000 | 00868nam a2200289 a 4500 | ||
|---|---|---|---|
| 001 | 55799 | ||
| 003 | BD-RjUL | ||
| 005 | 20211209080321.0 | ||
| 008 | 161122s2006 enka b 001 0 eng | ||
| 020 | _a1845680669 | ||
| 020 | _a1845680332 (pbk.) | ||
| 020 | _a9781845680664 | ||
| 020 | _a9781845680336 | ||
| 035 | _a(BD-RjUL)55923 | ||
| 040 |
_aUk _cUk _dBD-RjUL _beng |
||
| 041 | _aeng | ||
| 082 | 0 | 4 |
_a342.41 _223 _bBAC 2006 |
| 100 | 1 |
_aBarnett, Hilaire. _9166144 |
|
| 245 | 1 | 0 |
_aConstitutional & administrative law / _cHilaire Barnett. |
| 250 | _a6th ed. | ||
| 260 |
_aLondon : _bRoutledge-Cavendish, _c2006. |
||
| 300 |
_alxxxiii, 870 p. : _bill. ; _c24 cm. |
||
| 504 | _aIncludes bibliographical references and index. | ||
| 650 | 0 |
_aConstitutional law _zGreat Britain. _9166145 |
|
| 650 | 0 |
_aAdministrative law _zGreat Britain. _9166146 |
|
| 942 |
_2ddc _cBK |
||
| 999 |
_c55799 _d55799 |
||